00338pab a2200121 454500008004000000100002400040245007700064260000900141300001300150650001300163650001400176773002600190180718b2005 xxu||||| |||| 00| 0 eng d aHellmich, Christina aAl-Qaeda - terrorists, hypocrites, fundamentalists? The view from within c2005 ap.39-54. aAl Qaeda aTerrorism aThird World Quarterly